00648nam a2200217Ia 4500003000400000005001700004008004100021020001900062040000700081041000800088082001500096100002900111245002600140260004500166300000900211650002200220700002600242942001300268999001900281952013000300OSt20251010105857.0250729s2005 xx 000 0 und d a978-8171693214 cAL aeng a930.7 RAMT aSharma Kadambari9222919 aTeaching of economics aNew DelhibCommonwealth Publishersc2005 a311p aEconomics9222920 aTuteja Tripat9222921 2ddccBED c235669d235669 00104070aALbALd2025-07-29eSita Book Houseg225.00l0o930.7 RAMTpBED00988r2025-07-29 16:54:12v225.00w2025-07-29yBK